All Katy Perry Songs Over 1 Billion Streams - Statistics

General Stats
  • This quiz has been taken 33 times
  • The average score is 6 of 9
Answer Stats
Hint Song % Correct
1.74 (Juicy J) Dark Horse
92%
1.38 Roar
88%
1.32 Firework
79%
1.08 Teenage Dream
71%
1.18 Hot N Cold
67%
1.09 I Kissed A Girl
67%
1.54 Last Friday Night
58%
1.20 The One That Got Away
46%
1.10 (Snoop Dogg) Cailfornia Gurls
0%
No matching quizzes found
Score Distribution
Percent of People with Each Score
Percentile by Number Answered
Your Score History
You have not taken this quiz